Chiloé: archipiélago mágico
Guardat en:
| Autor principal: | |
|---|---|
| Format: | Llibre |
| Idioma: | espanyol |
| Publicat: |
Santiago
Quimantu
1972
|
| Col·lecció: | Colección Nosotros los Chilenos. Hoy Contamos
|
| Matèries: | |
| Etiquetes: |
Afegir etiqueta
Sense etiquetes, Sigues el primer a etiquetar aquest registre!
|
MARC
| LEADER | 00000nam a2200000 a 4500 | ||
|---|---|---|---|
| 001 | UCO0235 | ||
| 003 | CL-VaPUC | ||
| 008 | 000420e19720000CL |||||||||||||||||spa|d | ||
| 082 | 0 | 4 | |a 398.0983 |b TAN |2 21 |
| 100 | 0 | |a Tangol, Nicasio |e author |9 441367 | |
| 245 | 1 | 0 | |a Chiloé: archipiélago mágico |
| 300 | |a v | ||
| 942 | |c BK | ||
| 945 | |d 20000420 00:00:00 |a crobeson | ||
| 260 | |a Santiago |b Quimantu |c 1972 | ||
| 500 | |a v.2: Mitos y leyendas | ||
| 650 | 0 | |a Folklore chileno |9 265536 | |
| 650 | 0 | |a Mitos y leyendas |9 409902 | |
| 650 | 0 | |a Leyendas chilenas |9 310059 | |
| 651 | 0 | |a Chiloé, Chile |9 267621 | |
| 583 | |a last modification |c 20000420 00:00:00 |k Rodrigo Vera | ||
| 490 | 0 | |a Colección Nosotros los Chilenos. Hoy Contamos | |
| 999 | |c 286950 |d 286948 | ||
| 952 | |0 0 |1 0 |4 0 |6 398_098300000000000_TAN_1972 |7 0 |8 A |9 333231 |a BIBHIS |b BIBHIS |d 2019-11-20 |h v.2 |i 1399888 |o 398.0983 TAN 1972 |p 1399888 |r 2025-01-20 |w 2019-11-20 |y BK |k HIS | ||